Popularne Fast foody w polsce - Statystyki

Ogólne statystyki
  • Ten quiz został rozwiązany 108 razy
  • Średni wynik to 7 z 24
Statystyki odpowiedzi
Potrawy % Poprawnych
Kebab
89%
Frytki
83%
Pizza
78%
Burger
65%
Hot-dog
61%
Hamburger
59%
Zapiekanka
57%
Tortilla
41%
Cheeseburger
37%
Kurczak
27%
Nuggetsy
27%
Pita
20%
Taco
11%
Falafel
10%
Buritto
6%
Panini
6%
Tosty
6%
Kiełbasa z grilla
5%
Szaszłyki
5%
Wrapy
4%
Shoarma
2%
Ziemniaczki
2%
Chleb ze smalcem
1%
Kurczaczki z KFC
0%
Nie znaleziono quizów pasujących do podanych kryteriów
Rozkład punktacji
Procent ludzi z każdym wynikiem
Percentyl według liczby udzielonych odpowiedzi
Twoja historia wyników
Nie rozwiązałeś tego quizu